State of trade report (Record no. 108950)
[ view plain ]
| 000 -LEADER | |
|---|---|
| fixed length control field | 01710cad a22002535a 4500 |
| 001 - CONTROL NUMBER | |
| control field | L145860 |
| 008 - FIXED-LENGTH DATA ELEMENTS--GENERAL INFORMATION | |
| fixed length control field | 081117s2008 xxkd f s 000 0 eng d |
| 035 ## - SYSTEM CONTROL NUMBER | |
| System control number | (Sirsi) u145860 |
| 041 0# - LANGUAGE CODE | |
| Language code of text/sound track or separate title | eng |
| 050 04 - LIBRARY OF CONGRESS CALL NUMBER | |
| Classification number | 338.4569 $2 18 |
| 110 2# - MAIN ENTRY--CORPORATE NAME | |
| Corporate name or jurisdiction name as entry element | Northumbria University |
| Subordinate unit | School of the Built Environment |
| 9 (RLIN) | 5649 |
| 245 00 - TITLE STATEMENT | |
| Title | State of trade report |
| Remainder of title | 2008, quarter 2 |
| Medium | [electronic resource] |
| 260 ## - PUBLICATION, DISTRIBUTION, ETC. | |
| Place of publication, distribution, etc. | London |
| Name of publisher, distributor, etc. | National Specialist Contractors Council |
| Date of publication, distribution, etc. | 2008 |
| 490 #0 - SERIES STATEMENT | |
| Series statement | NSCC State of Trade Report |
| Volume/sequential designation | Second Quarter 2008 |
| 505 2# - FORMATTED CONTENTS NOTE | |
| Formatted contents note | Introduction -- General -- Labour, capacity and workload planning -- Price and margin analysis -- Procurement, payment and contract abuse |
| 520 ## - SUMMARY, ETC. | |
| Summary, etc. | Presents the results of the state of the trade survey of the second quarter of 2008. Reports that the amount of specialist contractors reporting working at more than 75% of activity fell slightly to 76% of respondents. There is difficulty in skilled labour recruitment. This balance shows a negative level for the first time in the last 11 years (-14%). Shows a sharp fall in the balances for enquiries and orders. They are now at 33% and 32% respectively. 88% of specialist contractors report increase in suppliers' prices. Suggests that those reporting increase of tender prices fell to 0%. 59% expect margins to reduce. Late payment has the most important effects on specialist contractors' business. |
| 521 ## - TARGET AUDIENCE NOTE | |
| Target audience note | Advanced |
| 590 ## - LOCAL NOTE (RLIN) | |
| Local note | KA |
| 650 24 - SUBJECT ADDED ENTRY--TOPICAL TERM | |
| Topical term or geographic name entry element | NATIONAL SPECIALIST CONTRACTORS COUNCIL STATE OF TRADE REPORT |
| 651 #4 - SUBJECT ADDED ENTRY--GEOGRAPHIC NAME | |
| Geographic name | United Kingdom |
| Chronological subdivision | |
| 690 ## - LOCAL SUBJECT ADDED ENTRY--TOPICAL TERM (OCLC, RLIN) | |
| Topical term or geographic name as entry element | BUILT ENVIRONMENT-CONSTRUCTION MARKET |
| 856 48 - ELECTRONIC LOCATION AND ACCESS | |
| Uniform Resource Identifier | <a href="https://www.nscc.bbsnet.co.uk/">https://www.nscc.bbsnet.co.uk/</a> |
| Public note | View the item free of charge at www.nscc.bbsnet.co.uk... |
| 942 ## - ADDED ENTRY ELEMENTS (KOHA) | |
| Suppress in OPAC | 0 |
| Withdrawn status | Lost status | Source of classification or shelving scheme | Damaged status | Not for loan | Home library | Current library | Shelving location | Date acquired | Total Checkouts | Full call number | Barcode | Date last seen | Copy number | Price effective from | Koha item type |
|---|---|---|---|---|---|---|---|---|---|---|---|---|---|---|---|
| Dewey Decimal Classification | Virtual | Virtual | Online | 17/11/2008 | ONLINE PUBLICATION | 145860-1001 | 06/08/2019 | 1 | 06/08/2019 | Book |